00297pam a2200145 a 4500020000500000041000500005100001900010245004300029260001100072300000800083653002100091700001400112930000600126999001900132 c h aFRANCEeAuthor a100% INDIAcFRANCEhTextual Documents  bFrance a245 afood producation eCo-Author a9 c242645d242645